Faktografické informační systémy

Salvato in:
Dettagli Bibliografici
Natura: Libro
Lingua:ceco
Pubblicazione: Praha Dům techniky ČSVTS 1984
Tags: Aggiungi Tag
Nessun Tag, puoi essere il primo ad aggiungerne!!

MARC

LEADER 00000nam a2200000 4500
001 c113700
005 20041019155156.5
041 0 |a cze 
044 |a CZ 
245 1 0 |a Faktografické informační systémy 
264 1 |a Praha  |b Dům techniky ČSVTS  |c 1984 
300 |a 139 s.